LIBRARY & INFORMATION CENTRE, KCAET, TAVANUR

ONLINE PUBLIC ACCESS CATALOGUE (OPAC)

Tantra samuccaya / (Record no. 236)

MARC details
000 -LEADER
fixed length control field 00476cam a2200169ua 4500
041 ## - LANGUAGE CODE
Language code of text/sound track or separate title mal
082 ## - DEWEY DECIMAL CLASSIFICATION NUMBER
Classification number 200
Item number CEN/TA
100 ## - MAIN ENTRY--AUTHOR NAME
Personal name Narayanan Nambidirippad, Cennas Manakkal .
245 ## - TITLE STATEMENT
Title Tantra samuccaya /
260 ## - PUBLICATION, DISTRIBUTION, ETC. (IMPRINT)
Place of publication Trivandrum :
Name of publisher Government Press ,
Year of publication 1945.
300 ## - PHYSICAL DESCRIPTION
Number of Pages 308 ; .
490 0# - SERIES STATEMENT
Series statement Malayalam Series,
Volume number/sequential designation No.68
942 ## - ADDED ENTRY ELEMENTS (KOHA)
Koha item type Books
Holdings
Withdrawn status Lost status Damaged status Home library Current library Date acquired Full call number Accession Number Koha item type Public note
Withdrawn     KAUAET KAUAET 07/04/2012 200 9567 Books Deleted
free website counter